000 00319nam a22001457a 4500
003 OSt
005 20160727222357.0
008 160622b xxu||||| |||| 00| 0 eng d
040 _cTEST
100 _9562
_aDurr, W.K
245 _aHoney Comb
260 _aBoston
_bHoughton
_c1976
300 _aHoney Comb
942 _2ddc
_cBK
999 _c471
_d471